<?xml version="1.0" encoding="UTF-8"?>
<record
    xmlns:xsi="http://www.w3.org/2001/XMLSchema-instance"
    xsi:schemaLocation="http://www.loc.gov/MARC21/slim http://www.loc.gov/standards/marcxml/schema/MARC21slim.xsd"
    xmlns="http://www.loc.gov/MARC21/slim">

  <leader>01287nam a22001697a 4500</leader>
  <controlfield tag="003">SGT</controlfield>
  <datafield tag="020" ind1=" " ind2=" ">
    <subfield code="a">9789382332527</subfield>
  </datafield>
  <datafield tag="082" ind1=" " ind2=" ">
    <subfield code="a">543.67,SAT</subfield>
  </datafield>
  <datafield tag="100" ind1=" " ind2=" ">
    <subfield code="a">SATYANARAYANA,D.N</subfield>
  </datafield>
  <datafield tag="245" ind1=" " ind2=" ">
    <subfield code="a">INTRODUCTION TO MAGNETIC RESONANCE SPECTROSCOPY ESR,NMR,NQR</subfield>
  </datafield>
  <datafield tag="250" ind1=" " ind2=" ">
    <subfield code="a">2ND</subfield>
  </datafield>
  <datafield tag="260" ind1=" " ind2=" ">
    <subfield code="a">NEW DELHI</subfield>
    <subfield code="b">I.K. INTERNATIONAL PUBLISHING HOUSE PVT. LTD.</subfield>
    <subfield code="c">2015</subfield>
  </datafield>
  <datafield tag="300" ind1=" " ind2=" ">
    <subfield code="a">446</subfield>
  </datafield>
  <datafield tag="650" ind1=" " ind2=" ">
    <subfield code="a">ANALYTICAL CHEMISTRY</subfield>
  </datafield>
  <datafield tag="653" ind1=" " ind2=" ">
    <subfield code="a">&#x2022;	1. GENERAL INTRODUCTION &#x2022;	 PART-1: ELECTRON SPIN RESONANCE &#x2022;	 2. BASIC THEORY &#x2022;	 3. HYPERFINE STRUCTURE &#x2022;	 4. EXPERIMENTAL ASPECTS: ESR &#x2022;	 5. SPECTRAL CHARACTERISTICS: LINE WIDTH AND ANISOTROPY &#x2022;	 6. DYNAMIC PROCESSES &#x2022;	 7. THE TRIPLET STATE &#x2022;	 8. TRANSITION METAL COMPLEXES &#x2022;	 9. DOUBLE RESONANCE TECHNIQUES &#x2022;	 PART-2: NUCLEAR MAGNETIC RESONANCE &#x2022;	 10. GENERAL PRINCIPLES &#x2022;	 11. CHEMICAL SHIFT &#x2022;	 12. SPINE-SPIN COUPLING &#x2022;	 13. EXPERIMENTAL ASPECTS: NMR &#x2022;	 14. DYNAMIC NMR SPECTROSCOPY &#x2022;	 15. SPECTRA OF OTHER NUCLEI: 13C, 19F AND 31P &#x2022;	 16. RELAXATION PROCESSES &#x2022;	 17. MULTIPLE RESONANCE TECHNIQUES &#x2022;	 18. SELECTED TOPICS &#x2022;	 19. TWO-DIMENSIONAL NMR SPECTROSCOPY &#x2022;	 PART-3: NUCLEAR QUADRUPOLE RESONANCE &#x2022;	 20. NUCLEAR QUADRUPOLE RESONANCE SPECTROSCOPY &#x2022;	 APPENDIX GENERAL DATA AND FUNDAMENTAL CONSTANTS</subfield>
  </datafield>
  <datafield tag="942" ind1=" " ind2=" ">
    <subfield code="2">ddc</subfield>
    <subfield code="c">FPS</subfield>
  </datafield>
  <datafield tag="952" ind1=" " ind2=" ">
    <subfield code="0">0</subfield>
    <subfield code="1">0</subfield>
    <subfield code="2">ddc</subfield>
    <subfield code="4">0</subfield>
    <subfield code="7">1</subfield>
    <subfield code="8">FS</subfield>
    <subfield code="a">SSSL</subfield>
    <subfield code="b">SSSL</subfield>
    <subfield code="c">REF</subfield>
    <subfield code="d">2016-07-04</subfield>
    <subfield code="e">AHUJA BOOKS</subfield>
    <subfield code="g">995.00</subfield>
    <subfield code="i">SGTU</subfield>
    <subfield code="o">543.67,SAT</subfield>
    <subfield code="p">PS1487</subfield>
    <subfield code="r">2016-07-04 00:00:00</subfield>
    <subfield code="w">2016-03-03</subfield>
    <subfield code="y">FPS</subfield>
    <subfield code="k">6680</subfield>
  </datafield>
  <datafield tag="999" ind1=" " ind2=" ">
    <subfield code="c">9453</subfield>
    <subfield code="d">9453</subfield>
  </datafield>
</record>
